000 00313nam a22001457a 4500
003 SGT
020 _a2-88046-064-6
082 _a645
_bA87L
100 _aLATIS, SILVIA
245 _aABITARE MANNUAL-2
260 _aNEW DELHI
_bABITARE PUB
_c1987
300 _a287
650 _aHOTEL MANAGEMENT
942 _2ddc
_cBK
999 _c12965
_d12965